000 00662cam a22002293a 4500
001 30342
003 PGUSA
005 20140828083645.0
008 091027s2009||||xxu|||||s|||||000 | eng d
040 _aPGUSA
_beng
042 _adc
050 4 _aPS
100 1 _aBurroughs, John,
_d1837-1921
245 1 0 _aWhitman :
_bA Study
_h[electronic resource] /
_cJohn Burroughs
260 _bProject Gutenberg,
_c2009
506 _aPublic domain in the USA.
516 _aElectronic text
653 _aWhitman, Walt, 1819-1892 -- Criticism and interpretation
830 0 _aProject Gutenberg
_v30342
856 4 0 _uhttp://www.gutenberg.org/ebooks/30342
942 _cEB
999 _c259597
_d259597